000 00312nam a22001457a 4500
020 _a978-81-219-2874-8
041 _aENG
100 _aSareen.K
245 _aCAD/CAM Theory and Concepts
260 _aNew Delhi
_bS.Chand and Company
_c2019
300 _a453
650 _aFMP
700 _aGrewal.C
856 _uFMP
999 _c108
_d108